000 01152nam a22003377a 4500
001 0000281
003 KOHA_MİRAKIL
005 20260207001205.0
007 ta
008 101026b2008 tu |||gr||||#||||0|tur |
020 _a9758431838
_cYTL39,19
040 _aTR-BiSEU
_btur
_cTR-BiSEU
_erda
041 0 _atur
044 _ctu
050 _aTA345
_b.C43 2008
100 1 _aChapra, Steven C..
245 1 _aMühendisler için sayısal yöntemler/
_cSteven C. Chapra ; Steven C. Chapra; çeviren Hasan Heperkan, Uğur Kesgin.
264 1 _aİstanbul :
_bLiteratür Yayıncılık
_c2008
300 _axxii, 1004 sayfa :
_bresimli, tablo, grafik
336 _ametin
_btxt
_2rdacontent
337 _aaracısız
_bn
_2rdamedia
338 _acilt
_bnc
_2rdacarrier
490 1 _aLiteratür Yayınları ;
_v82
500 _aKaynakça ve dizin var.
500 _aMetin Türkçe, İngilizce'den çeviri.
650 0 _aEngineering mathematics--Data processing.
_92200
650 0 _aMicrocomputers--Programming.
_92201
650 0 _aNumerical calculations--Data processing.
_92202
830 1 _aLiteratür Yayınları ;
_v82
_92203
942 _2lcc
_cBK
999 _c282
_d282